| 000 | 00605nam a2200253Ia 4500 | ||
|---|---|---|---|
| 003 | OSt | ||
| 005 | 20221007095127.0 | ||
| 006 | a|||||r|||| 00| 0 | ||
| 007 | ta | ||
| 008 | 221006b |||||||| |||| 00| 0 eng d | ||
| 024 | _a917 | ||
| 037 | _cTextual | ||
| 040 |
_aLCO _cLCO _beng |
||
| 041 |
_2eng _aeng |
||
| 082 | _aZ2,3, M3 | ||
| 100 |
_aBANGIA R K _9439545 |
||
| 245 | 0 | _aLaw of Contract | |
| 250 | _a2 | ||
| 260 |
_aAllahabad _bAllahabad Law Agency _c1983 |
||
| 300 | _a626 | ||
| 650 | _aCONTRACT | ||
| 942 |
_hZ2,3, M3 _cTEXL |
||
| 999 |
_c1170480 _d1170480 |
||